01297nam a22003134a 4500001001200000003000800012006001900020007001500039008004100054010001700095020001500112040002100127035002000148050002200168082001400190100002400204245011900228260006400347300002400411504006400435533015200499650004100651650005900692650004300751655002900794710001700823856012600840999001700966ebr10021919CaPaEBRm u cr cn|||||||||011105s2002 enka sb 001 0 eng  z 2001052874 z0521813085 aCaPaEBRcCaPaEBR a(OCoLC)5261418914aQ337b.X53 2002eb04a006.32211 aXiang, Yang,d1954-10aProbabilistic reasoning in multiagent systemsh[electronic resource] :ba graphical models approach /cYang Xiang. aCambridge ;aNew York :bCambridge University Press,c2002. axii, 294 p. :bill. aIncludes bibliographical references (p. 287-291) and index. aElectronic reproduction.bPalo Alto, Calif. :cebrary,d2013.nAvailable via World Wide Web.nAccess may be limited to ebrary affiliated libraries. 0aDistributed artificial intelligence. 0aBayesian statistical decision theoryxData processing. 0aIntelligent agents (Computer software) 7aElectronic books.2local2 aebrary, Inc.40uhttp://site.ebrary.com/lib/rucke/Doc?id=10021919zAn electronic book accessible through the World Wide Web; click to view c24483d24483